000 00868nam a2200241Ia 4500
003 GCL
008 140319s9999 xx 000 0 ara d
020 _a1127315977
040 _aGCL /
_cGCL
082 0 4 _a025.33
_bش ف
100 1 _aمحمد فتحى عبدالهادى
245 1 0 _aالفهرسة الموضوعية للمكتبات ومراكز المعلومات /
_cمحمد فتحى عبدالهادى
700 1 _aشعبان عبدالعزيز خليفة
260 _aالقاهرة :
_bالعربى للنشر والتوزيع
300 _a141 ص ؛
_c24 سم
490 _aدراسات فى الكتب والمعلومات
_v0
650 0 4 _aروؤس الموضوعات
650 0 4 _aالفهرسة الموضوعية
650 0 4 _aمراكز المعلومات
650 0 4 _aالتكشيف
650 0 4 _aالمكتبات
942 _2ddc
_cBK
999 _c29636
_d29636